Country Identification - Statistics

General Stats
  • This quiz has been taken 33 times
  • The average score is 12 of 13
Answer Stats
Picture Answer % Correct
Australia
97%
Russia
97%
China
93%
India
93%
Ireland
93%
Sweden
93%
United Kingdom/Great Britain
93%
Qatar
90%
Kosovo
86%
Luxembourg
86%
Montenegro
86%
Belize
79%
Tuvalu
72%
No matching quizzes found
Score Distribution
Percent of People with Each Score
Percentile by Number Answered
Your Score History
You have not taken this quiz